000 00664nam a2200217 a 4500
001 BRCA_1452
005 20190320203433.0
008 310805s1992----mx-a---f##---#000-0#spa-#
020 _a9686510095
050 4 _aNK9214
_b.A76 1992
100 1 _aArmella de Aspe, Virginia
_92324
245 1 0 _aBordados y bordadores
_cVirginia Armella de Aspe; Guillermo Tovar de Teresa.
260 _aMéxico
_bGrupo GUTSA
_c1992
300 _a199 p.
_bil. a color
_c29 cm.
500 _aIncluye glosario
504 _aBibliografía: p. 196-199
650 1 4 _aBordado
_94753
650 1 4 _aBordadores
_zMéxico
_94754
700 1 _aTovar de Teresa, Guillermo
_93098
942 _2lcc
_cB
999 _c1314
_d1314